|
|
|
|
| LEADER |
00000css a2200000 a 4500 |
| 001 |
45924 |
| 005 |
20230308224153.0 |
| 008 |
000000| ||||||||r|||||||||||spa|| |
| 040 |
|
|
|b spa
|
| 041 |
1 |
|
|a spa
|
| 082 |
0 |
|
|a 378.05
|b E81r
|
| 110 |
1 |
|
|a Escuela Politénica Nacional
|9 308713
|
| 245 |
|
|
|a Politécnica. Revista Científico-Tecnológica Politécnica
|c Escuela Nacional Politécnica
|h imp
|
| 264 |
|
|
|a Quito
|b Escuela Politécnica Nacional
|c 1971
|
| 300 |
|
|
|a 178 páginas:
|b gra
|c 24 cm
|
| 362 |
|
|
|a Vol. 2; no. 2 (1971)
|
| 650 |
|
|
|a Revista politecnica
|9 182132
|
| 852 |
|
|
|a UC-CDJBV
|c ESTANTERIA CERRADA
|f Donación
|k zunilda.rodriguez
|l 1
|m General
|p 00000000
|q 1,00
|r 2
|t 45924
|b 0
|d CDRC
|e CDRC
|g 378.05 E81r ESTANTERIA CERRADA
|z 0000-00-00
|
| 942 |
|
|
|c SER
|
| 999 |
|
|
|c 147838
|d 147838
|